000
00319nam a22001337a 4500
008
181025b xxu||||| |||| 00| 0 eng d
020
_a
9781626371514
041
_a
eng
080
_2
3 ED
_a
321
100
_a
21
101
_a
POL
245
_a
International The Politics Organizaitons
_c
Karns.M.P
942
_2
udc
_c
BK
999
_c
50922
_d
50922